000 00675cam a22002411a 4500
001 7032226
005 20180131033106.0
008 870916s1961 nyua 000 0 eng
010 _a 62000944
035 _a(OCoLC)16697507
040 _aDLC
_cOrP
_dDLC
041 _aeng
042 _apremarc
080 _a659.15 WAS
082 0 _a659.15 WAS
_219
100 _a10
101 _aNUT
245 0 0 _a$ & [cents]!
_cEdited by: Thomas Calak [and others]
740 0 _aDollars and cents.
740 0 _aFood retailers' special display idea book.
906 _a7
_bcbc
_coclcrpl
_du
_encip
_f19
_gy-gencatlg
942 _2ddc
_cBK
999 _c41313
_d41313